000 00723nam a2200253Ia 4500
003 OSt
005 20220918191944.0
006 a|||||r|||| 00| 0
007 ta
008 220917b |||||||| |||| 00| 0 eng d
024 _a66,140
037 _cTextual
040 _aARTS
_cARTS
_beng
041 _2eng
_aeng
082 _aR3xC57:g, M2
100 _aOstenfeld Erik Nis
_977844
245 0 _aForms , matter and mind
_b three strauds in Plato's metaphysics
260 _aLondon
_bMartinus Pub
_c1982
300 _ax,347p.
_ccm.
490 _aMartinus Nijhoff philosophy library; 10
500 _aBib 337-47p
942 _hR3xC57:g, M2
_cTEXL
_2CC
999 _c192374
_d192374